Cercle de Comparació Intermunicipal de serveis socials : resultats resultats
MARC
| LEADER | 00000nam a2200000Ia 4500 | ||
|---|---|---|---|
| 001 | 20958, 20959 | ||
| 003 | Arxiu | ||
| 005 | 20260324175944.0 | ||
| 008 | 160829m20072009spc xx s s cat c | ||
| 040 | |a AGDB | ||
| 080 | |a S-1-262, S-1-263 | ||
| 080 | |a S-1-278, S-1-279 | ||
| 245 | 0 | 0 | |a Cercle de Comparació Intermunicipal de serveis socials : |b resultats |
| 260 | |a Barcelona: |b Diputació de Barcelona. Àrea de Benestar Social. Oficina Tècnica de Planificació ; |b Àrea de Coordinació i Govern Local. Servei de Programació, |c 2007-2009 | ||
| 300 | |a 4 volums : |b gràfics ; |c 29 cm | ||
| 310 | |a Anual | ||
| 590 | |a Conté: vol. 1: Disseny, mesura, avaluació; v.2: Millora. | ||
| 590 | |a Recull estadístic anual de les sessions de treball dels Cercles de Comparació Intermunicipal de serveis socials | ||
| 590 | |a Conté: Vol. 1. Disseny, mesura, avaluació. -- V.2. Millora. | ||
| 650 | 0 | |a Serveis socials |x Barcelona (Catalunya : Província) |x Congressos |9 42032 | |
| 650 | 0 | |a Serveis socials |x Barcelona (Catalunya : Província) |9 36719 | |
| 710 | 2 | |a Cercles de Comparació Intermunicipal |9 53629 | |
| 710 | |a Barcelona (Catalunya : Província). |b Servei de Programació |9 53631 | ||
| 710 | 1 | |a Barcelona (Catalunya : Província). |b Oficina Tècnica de Planificació |9 54978 | |
| 866 | |a 2006 | ||
| 866 | |a 2007 | ||
| 901 | |a Arxiu | ||
| 942 | |n 1 |2 udc |c ARXIU | ||
| 952 | |0 0 |1 0 |4 0 |7 1 |9 50622 |a Arxiu |b Arxiu |d 2023-04-03 |h 2006 (5a edició) |o S-1-262, S-1-263 |p 20958, 20959 |r 2016-12-01 00:00:00 |w 2016-12-01 |y ARXIU | ||
| 952 | |0 0 |1 0 |4 0 |7 1 |9 51312 |a Arxiu |b Arxiu |d 2016-12-01 |h 2007 (6a edició) |o S-1-278, S-1-279 |p 21325, 21326 |r 2016-12-01 00:00:00 |w 2016-12-01 |y ARXIU | ||
| 999 | |c 54464 |d 54464 | ||